[Event "Wch U18 Girls"]
[Site "Porto Carras"]
[Date "2018.10.21"]
[Round "2"]
[White "Du, Yuxin"]
[Black "Hunt, Fikirte"]
[Result "1-0"]
[WhiteElo "2011"]
[BlackElo "1827"]
[PlyCount "75"]
[EventDate "2018.10.20"]
[EventType "swiss"]
[EventRounds "11"]
[EventCountry "GRE"]
[SourceTitle "CBM 187 Extra"]
[Source "ChessBase"]
[SourceDate "2018.11.04"]
[SourceVersion "1"]
[SourceVersionDate "2018.11.04"]
[SourceQuality "1"]

1. e4 c5 2. Nf3 d6 3. d4 cxd4 4. Qxd4 Nc6 5. Bb5 Bd7 6. Bxc6 Bxc6 7. Nc3 Nf6 8. Bg5 e6 9. 0-0-0 Be7 10. Qd3 a6 11. Nd4 Rc8 12. f4 Qa5 13. Kb1 d5 14. Bxf6 Bxf6 15. e5 Be7 16. f5 Bd7 17. fxe6 Bxe6 18. Nxe6 fxe6 19. Rhf1 Qc7 20. Qh3 Qc6 21. Qf3 Kd7 22. Qg4 Kc7 23. Qxg7 Qd7 24. Rf7 Rcg8 25. Qh6 Kb8 26. Qh3 h5 27. Rxd5 Qc6 28. Rd1 Bb4 29. Rdd7 Bc5 30. Rxb7+ Ka8 31. a3 Rxg2 32. Rbc7 Rg1+ 33. Ka2 Qh1 34. Rxc5 Ra1+ 35. Kb3 Rb8+ 36. Ka4 Rxb2 37. Rc8+ Rb8 38. Qf3+ 1-0